Daňové výdavky súvisiace s majetkom využívaným aj na súkromné účely

V prípade, že daňovník deklaruje používanie majetku aj na súkromné účely, má možnosť uplatniť do daňových výdavkov 80 % vynaložených výdavkov bez povinnosti preukazovať skutočný pomer, v akom je majetok využívaný na podnikateľské a súkromné účely. Pri výbere tejto metódy musí daňovník preukazovať le...

Full description

Saved in:
Bibliographic Details
Main Author: Vanková, Lucia
Format: Book Chapter
Language:Slovak
Subjects:
Tags: Add Tag
No Tags, Be the first to tag this record!

MARC

LEADER 00000naa a2200000 4500
001 0247856
005 20180921145112.4
041 0 |a slo 
044 |a SK 
245 1 0 |a Daňové výdavky súvisiace s majetkom využívaným aj na súkromné účely  |c Lucia Vanková 
520 |a V prípade, že daňovník deklaruje používanie majetku aj na súkromné účely, má možnosť uplatniť do daňových výdavkov 80 % vynaložených výdavkov bez povinnosti preukazovať skutočný pomer, v akom je majetok využívaný na podnikateľské a súkromné účely. Pri výbere tejto metódy musí daňovník preukazovať len súvislosťmedzi využívaným majetkom a jeho dosahovanými príjmami. 
610 2 0 |a dane 
610 2 0 |a výdavky daňové 
610 2 0 |a podnikatelia 
610 2 0 |a majetok podnikový 
610 2 0 |a majetok súkromný 
610 2 0 |a odpisy 
610 2 0 |a odpisy daňové 
100 1 |a Vanková, Lucia